| 000 | 00612nam a2200193Ia 4500 | ||
|---|---|---|---|
| 005 | 20260114185853.0 | ||
| 008 | 008 260114s9999 xx 000 0 eng d | ||
| 020 | _a9781350985896 | ||
| 037 | _aEBOOK | ||
| 040 |
_aCRL _beng _cCRL |
||
| 041 |
_aeng _2eng |
||
| 084 | _qCRL | ||
| 100 |
_aDuccio Basosi, Giuliano Garavini and Massimiliano Trentin _9875426 |
||
| 245 | 0 | _aCounter-shock The Oil Counter-Revolution of the 1980s | |
| 260 |
_bBloomsbury _c2018 |
||
| 856 | _uhttps://doi.org/10.5040/9781350985896?locatt=label:secondary_bloomsburyCollections | ||
| 942 | _cEBOOK | ||
| 999 |
_c1474360 _d1474360 |
||